00566 2200205 4500001002100000005001700021008004100038020001800079035002500097082001000122090002100132100002200153245004600175250001100221260003100232300003800263650002600301850001200327999002100339YOGYA-0209000005610820150629091123.0 ind  a979-672-519-3 a0010-020900000056108 a642.5 aDEP 642.5bMar M aMARGATTAN, Arcole aManajemen rumah makanc/ Arcole Margattan aCet. 1 aYogyakartabkanisiusc2000 aviii, 103 hlm. :bilus. ;c21 cm. aManajemen Rumah makan aYOPDYOG aCB-D.11-2000-108